| 000 | 00672nam a22001937a 4500 | ||
|---|---|---|---|
| 005 | 20100728125323.0 | ||
| 010 | _aENG-97154 | ||
| 020 |
_a9788190808880 _c85.00 |
||
| 035 | _aEN-80687 | ||
| 037 | _bDBAD/PUB | ||
| 082 | _a657.42 | ||
| 100 |
_aSrividhya, N. _92080 |
||
| 245 |
_aCost accounting / _cby N. Srividhya |
||
| 260 |
_aThittagudi (T.K) _bSathya Publications _c2007 |
||
| 270 |
_a117, Middle Street, Gudalur (P.O) _bThittagudi _e606111 |
||
| 300 |
_a106p. _c21cm (pbk) |
||
| 942 |
_2ddc _cEN _h657.42 _mSRI |
||
| 999 |
_c38073 _d38073 |
||